000 00345pab a2200145 454500
008 180718b1983 xxu||||| |||| 00| 0 eng d
100 _aMorriss, Peter
245 _aHow capitalism infringes property rights
260 _c1983
300 _a656-61
362 _aDec.
650 _aCivil Liberties
773 _aPolitical Studies
909 _a5631
999 _c5631
_d5631